|
|
|
|
| LEADER |
00781cam a2200253 7i4500 |
| 001 |
0000033360 |
| 005 |
20160819090000.0 |
| 007 |
##ta |
| 008 |
160819t20152015sz a 0 eng d |
| 020 |
# |
# |
|a 9782970051497
|
| 040 |
# |
# |
|a FBC
|
| 090 |
0 |
0 |
|a I 337.021
|b INS
|
| 110 |
2 |
0 |
|a Institute for Management Development
|
| 245 |
1 |
0 |
|a IMD COMPETITIVENESS YEARBOOK 2015.
|
| 264 |
# |
4 |
|a ♭2014.
|
| 264 |
# |
1 |
|a Lausanne, Switzerland:
|b IMD,
|c 2015.
|
| 300 |
# |
# |
|a 559 pages:
|b illustrations;
|c 30 cm.
|
| 336 |
# |
# |
|a text
|2 rdacontent
|
| 337 |
# |
# |
|a unmediated
|2 rdamedia
|
| 338 |
# |
# |
|a volume
|2 rdacarrier
|
| 650 |
# |
0 |
|a International trade
|
| 650 |
# |
0 |
|a International economic relations
|
| 650 |
# |
0 |
|a Competition, International
|
| 999 |
|
|
|a B000037531
|b Book
|c International
|e Business Information Centre
|